Biblioteca

The dead sea scrolls translated : (Registro nro. 68750)

Detalles MARC
000 -LÍDER
Campo fijo de descripción fija 01598nam a2200361 i 4500
001 - NÚMERO DE CONTROL
Campo de control 768714001
003 - IDENTIFICADOR DEL NÚMERO DE CONTROL
Campo de control CO-MdFUSB
005 - FECHA Y HORA DE LA ULTIMA TRANSACCIÓN
control field 20230531162020.0
007 - CAMPO FIJO DE DESCRIPCIÓN FIJA--INFORMACIÓN GENERAL
Campo fijo de descripción fija ta
008 - ELEMENTOS DE LONGITUD FIJA -- INFORMACIÓN GENERAL
Campo fijo de descripción fija -- Información general 230420t1996 -us||||| |||| 00| | eng d
020 ## - NÚMERO INTERNACIONAL NORMALIZADO PARA LIBROS
Número Internacional Normalizado del libro 0802841937
040 ## - FUENTE DE CATALOGACIÓN
Agencia de catalogación original CO-MdFUSB
Idioma de catalogación spa
Agencia que realiza la transcripción CO-MdFUSB
Agencia que realiza la modificación CO-MdFUSBC
Convenciones de la descripción rda
041 ## - CÓDIGO DE IDIOMA
Código de idioma para texto/pista de sonido o título separado eng
082 ## - NÚMERO DE CLASIFICACIÓN DECIMAL DEWEY
Número de la edición del Dewey 23
Número de clasificación 296.155
Clave de autor-Numero de item G216d
245 ## - TÍTULO
Título del Material The dead sea scrolls translated :
Parte restante del título - Subtitulo the qumran texts in english
Mención de responsabilidad, etc. / editado por Florentino García Martínez ; traducido por Wilfred G. E. Watson
250 ## - MENCIÓN DE EDICIÓN
Mención de edición Segunda edición
264 #1 - PRODUCCIÓN, PUBLICACIÓN, DISTRIBUCIÓN, MANUFACTURA, Y COPYRIGHT
Lugar de producción, publicación, distribución, manufactura Estados Unidos, New York :
Nombre del productor, publicador, distribuidor Wm. B. Eerdmans Publishing Company,
Fecha de producción, publicación, distribución, manufactura, o copyright [1996]
264 #4 - PRODUCCIÓN, PUBLICACIÓN, DISTRIBUCIÓN, MANUFACTURA, Y COPYRIGHT
Fecha de producción, publicación, distribución, manufactura, o copyright © 1996
300 ## - DESCRIPCIÓN FÍSICA
Extensión 522 páginas ;
Dimensiones ; 24 cm
336 ## - TIPO DE CONTENIDO
Fuente rdacontent
Término de tipo de contenido texto
Código de tipo de contenido txt
337 ## - TIPO DE MEDIO
Fuente rdamedia
Nombre del tipo de medio sin mediación
Código del tipo de medio n
338 ## - TIPO DE SOPORTE
Fuente rdacarrier
Nombre del tipo de soporte volumen
Código Tipo de soporte nc
505 ## - NOTA DE CONTENIDO
Nota de contenido con formato preestablecido Notas a la introducción: Reglas -- textos halájicos -- Literatura con contenido escatologico -- Literatura exegética -- Literatura para-biblica -- Textos poéticos --- Textos astronómicos, calendario y horóscopo -- Lista de manuscritos del Cumrán --
520 ## - NOTA DE RESUMEN, ETC.
Nota de sumario, etc. Contiene un estudio y traducción de los textos hebreos y arameos conocidos popularmente como "Manuscritos del Mar Muerto", y en concreto de los textos no bíblicos de la región de Qumrán
563 ## - NOTA DE ENCUADERNACIÓN
Nota de encuadernación rustico
650 #7 - ASIENTO SECUNDARIO DE MATERIA - TERMINO TEMÁTICO
Fuente del encabezamiento o término embne
9 (RLIN) 7028
Término temático o nombre geográfico como elemento de entrada Historia antigua
Subdivisión de forma Fuentes
653 ## - TÉRMINO DE INDIZACIÓN - NO CONTROLADO
Término no controlado Rollos del mar muerto
700 1# - ASIENTO SECUNDARIO - NOMBRE PERSONAL
9 (RLIN) 39
Nombre personal García Martínez, Florentino
Responsabilidad editor
700 ## - ASIENTO SECUNDARIO - NOMBRE PERSONAL
9 (RLIN) 7902
Nombre personal Watson, Wilfred G.E.
Responsabilidad traductor
942 ## - TIPO DE MATERIAL (KOHA)
Tipo de Item KOHA Libros General
945 ## - INFORMACIÓN LOCAL DEL REGISTRO
Catalogador Mag 1104
Existencias
Estado de Material Estado de Perdido Forma de Clasificación Estado de Dañado No para Préstamo Colección Biblioteca de Origen Biblioteca Permanente Fecha de Adquisición Área Total de Préstamos Signatura Topográfica Código de Barras Última vez visto Ejemplar/Existencia Fecha de Remplazo Tipo de Material
    Dewey Decimal Classification     Colección General Biblioteca FUSBC Biblioteca FUSBC 20/04/2023 BIBLIA   G 296.155 G216d 24089 20/04/2023 Ej. 1 20/04/2023 Libros General

Biblioteca FUSBC | Teléfono: (57+4) 349 88 10 Ext. 141| WhatsApp (+57) 3005338115 
E-mail: biblioteca@unisbc.edu.co | Calle 76 87-14 Robledo Palenque, Medellín, Colombia

Con tecnología Koha